LEADER 00866nam0-22003011i-450- 001 990003191700403321 035 $a000319170 035 $aFED01000319170 035 $a(Aleph)000319170FED01 035 $a000319170 100 $a20000920d1960----km-y0itay50------ba 101 0 $aeng 102 $aIT 200 1 $a<>Short History of Technology$eFrom the Earliest Times to A.D. 1900$fT.K.Derry and Trevor I.Williams. 210 $aOxford$cClarendon Press$d1960. 215 $aXVIII, 782 p.$d21 cm 676 $aE/4.1 676 $aG/1.4 702 1$aDerry,$bThomas Kingston$f<1905- > 702 1$aWilliams,$bTrevor I.$f<1921- > 801 0$aIT$bUNINA$gRICA$2UNIMARC 901 $aBK 912 $a990003191700403321 952 $aG/14 DER$b030157$fSES 959 $aSES 996 $aShort History of Technology$9453666 997 $aUNINA DB $aING01 LEADER 01331nam--2200397---450- 001 990003080630203316 005 20080424124859.0 010 $a3-540-73037-7 035 $a000308063 035 $aUSA01000308063 035 $a(ALEPH)000308063USA01 035 $a000308063 100 $a20080314d2007----km-y0itay50------ba 101 $aeng 102 $aDE 105 $ay---||||001yy 200 1 $aArithmetic of finite fields$eFirst international workshop, WAIFI 2007$eMadrid, Spain, June 2007$eproceedings$fClaude Carlet, Berk Sunar (Eds.) 210 $aBerlin [etc.]$cSpringer$dcopyr. 2007 215 $aXI, 353 p.$d24 cm 225 2 $aLecture notes in computer science$v4547 410 0$12001$aLecture notes in computer science$v4547 606 0 $aCampi algebrici$xCongressi$yMadrid$z2007 676 $a512.3 702 1$aCARLET,$bClaude 702 1$aSUNAR,$bBerk 710 12$aInternational workshop, WAIFI 2007$d<1.;$f2007$fMadrid>$0600727 801 0$aITA$bsalbc$gISBD 912 $a990003080630203316 951 $a001 LNCS 4547$b35113/CBS$c001$d00224736 959 $aBK 969 $aSCI 979 $aANGELA$b90$c20080314$lUSA01$h1039 979 $aANGELA$b90$c20080402$lUSA01$h1236 979 $aANGELA$b90$c20080424$lUSA01$h1248 996 $aArithmetic of finite fields$91023646 997 $aUNISA LEADER 01787nam0 2200409 i 450 001 VAN0123382 005 20230703030949.282 017 70$2N$a9783319279091 100 $a20190919d2017 |0itac50 ba 101 $aeng 102 $aCH 105 $a|||| ||||| 200 1 $aLouis Boutet de Monvel, selected works$fVictor W. Guillemin, Johannes Sjöstrand editors 210 $aCham$cBirkhäuser$d2017 215 $avii, 852 p.$cill.$d24 cm 410 1$1001VAN0102619$12001 $aContemporary mathematicians$1210 $aBoston$cBirkhäuser 500 1$3VAN0235693$aLouis Boutet de Monvel, selected works$91560454 606 $a01A75$xCollected or selected works; reprintings or translations of classics [MSC 2020]$3VANC021493$2MF 610 $aIndex theory$9KW:K 610 $aPartial differential equations$9KW:K 610 $aPseudodifferential operators$9KW:K 610 $aQuantization$9KW:K 610 $aSpectral Theory$9KW:K 610 $aToeplitz operators$9KW:K 620 $aCH$dCham$3VANL001889 700 1$aBoutet De Monvel$bLouis$3VANV049778$060656 702 1$aGuillemin$bVictor W.$3VANV040077 702 1$aSjöstrand$bJohannes$3VANV094789 712 $aBirkhäuser $3VANV108193$4650 801 $aIT$bSOL$c20230707$gRICA 856 4 $uhttp://doi.org/10.1007/978-3-319-27909-1$zE-book ? Accesso al full-text attraverso riconoscimento IP di Ateneo, proxy e/o Shibboleth 899 $aBIBLIOTECA DEL DIPARTIMENTO DI MATEMATICA E FISICA$1IT-CE0120$2VAN08 912 $fN 912 $aVAN0123382 950 $aBIBLIOTECA DEL DIPARTIMENTO DI MATEMATICA E FISICA$d08CONS e-book 0753 $e08eMF753 20190919 996 $aLouis Boutet de Monvel, selected works$91560454 997 $aUNICAMPANIA LEADER 04284nam 2200817 450 001 9910812207903321 005 20230803204650.0 010 $a3-11-037363-7 010 $a3-11-036930-3 024 7 $a10.1515/9783110369304 035 $a(CKB)3710000000229356 035 $a(EBL)1778498 035 $a(SSID)ssj0001332973 035 $a(PQKBManifestationID)11729323 035 $a(PQKBTitleCode)TC0001332973 035 $a(PQKBWorkID)11396107 035 $a(PQKB)11605603 035 $a(MiAaPQ)EBC1778498 035 $a(DE-B1597)426440 035 $a(OCoLC)1002254281 035 $a(OCoLC)1004874330 035 $a(OCoLC)1011461643 035 $a(OCoLC)1013942086 035 $a(OCoLC)1029814986 035 $a(OCoLC)1032685252 035 $a(OCoLC)1037982049 035 $a(OCoLC)1042009280 035 $a(OCoLC)1046622683 035 $a(OCoLC)1047017351 035 $a(OCoLC)1049623208 035 $a(OCoLC)1054881192 035 $a(OCoLC)893955801 035 $a(OCoLC)999360457 035 $a(DE-B1597)9783110369304 035 $a(Au-PeEL)EBL1778498 035 $a(CaPaEBR)ebr11014026 035 $a(CaONFJC)MIL783384 035 $a(OCoLC)890090380 035 $a(EXLCZ)993710000000229356 100 $a20150217h20142014 uy 0 101 0 $ager 135 $aur|n|---||||| 181 $ctxt 182 $cc 183 $acr 200 10$aGrundzu?ge der Morphologie des Deutschen /$fHilke Elsen 205 $a2., aktualisierte Auflage. 210 1$aBerlin, [Germany] ;$aBoston, [Massachusetts] :$cDe Gruyter,$d2014. 210 4$d©2014 215 $a1 online resource (350 p.) 225 0 $aDe Gruyter Studium 300 $aDescription based upon print version of record. 311 $a3-11-035893-X 320 $aIncludes bibliographical references and index. 327 $tFrontmatter --$tVorwort --$tVorwort zur zweiten Auflage --$tInhalt --$tTabellenübersicht --$tSchreibkonventionen --$tAbkürzungen --$tZeichenerklärung --$tEinleitung --$tEinführung --$t1. Einführung I --$t2. Einführung II --$tNOMEN --$t3. Nomen - Flexion --$t4. Nomen - Wortbildung I --$t5. Nomen - Wortbildung II --$t6. Nomen - Wortbildung III --$tADJEKTIV --$t7. Adjektiv - Flexion --$t8. Adjektiv - Wortbildung I --$t9. Adjektiv - Wortbildung II --$t10. Verb - Flexion --$t11. Verb - Wortbildung I --$t12. Verb - Wortbildung II --$tADVERB UND ARTIKEL --$t13. Adverb und Artikel --$tANDERE WORTARTEN --$t14. Andere Wortarten --$tLösungsvorschläge --$tGlossar --$tLiteratur --$tSachregister 330 $aDieses Lehrbuch zu Flexion und Wortbildung des Deutschen orientiert sich gezielt an den Studiengängen Bachelor und Master mit jeweils getrennten Kapiteln für Anfänger und Fortgeschrittene. Der Stoff ist in Module strukturiert, die den Band zusammen mit dem Glossar außerdem zu einem Nachschlagewerk zur Prüfungsvorbereitung machen.Das Buch stellt die etablierte Fachterminologie vor und behandelt morphologische Einheiten, formelle und semantische Strukturen und Verfahren der Analyse mit seltenen und unproduktiven Wortbildungsarten. Dabei findet auch die Fremdwortbildung Berücksichtigung sowie diachrone Entwicklungen und die Wortbildung der Präpositionen, Konjunktionen und Pronomen. Anhand von zahlreichen Beispielen werden die systematischen syntaktischen, semantischen, morphologischen und phonologischen Zusammenhänge deutlich, die im Verlaufe der Sprachentwicklung und beim Gebrauch der Wörter zum aktuellen Stand der Wortstrukturen führten. Problemorientierte Diskussionen, Musterlösungen, Übungsaufgaben sowie Literaturhinweise zur Vertiefung unterstützen ein selbständiges Bearbeiten des Stoffes.Das erfolgreiche Einführungswerk liegt nun in einer aktualisierten Neuauflage vor. 410 3$aDe Gruyter Studium 606 $aGerman language$xMorphology$xStudy and teaching 610 $aInflection. 610 $aMorphology. 610 $aWord Formation. 615 0$aGerman language$xMorphology$xStudy and teaching. 676 $a435 700 $aElsen$b Hilke$0477086 801 0$bMiAaPQ 801 1$bMiAaPQ 801 2$bMiAaPQ 906 $aBOOK 912 $a9910812207903321 996 $aGrundzüge der Morphologie des Deutschen$9841191 997 $aUNINA LEADER 02313nam0 2200565 i 450 001 VAN0127389 005 20230628093404.362 017 70$2N$a9789813295315 100 $a20200309d2019 |0itac50 ba 101 $aeng 102 $aSG 105 $a|||| ||||| 200 1 $aTransactions on Engineering Technologies$eWorld Congress on Engineering 2018$fSio-Iong Ao, Len Gelman, Haeng Kon Kim editors 210 $aSingapore$cSpringer$d2019 215 $aix, 363 p.$cill.$d24 cm 606 $a68Uxx$xComputing methodologies and applications [MSC 2020]$3VANC019673$2MF 606 $a00-XX$xGeneral and overarching topics; collections [MSC 2020]$3VANC025238$2MF 610 $aAutomated theorem proving$9KW:K 610 $aBayesian networks$9KW:K 610 $aComputer Algebra System$9KW:K 610 $aComputing methodologies$9KW:K 610 $aConvex programming$9KW:K 610 $aDiscrete Mathematics and Control$9KW:K 610 $aDistributed Artificial Intelligence$9KW:K 610 $aHuman-computer interactions$9KW:K 610 $aMatrix theory$9KW:K 610 $aNeural Fuzzy Systems$9KW:K 610 $aNonlinear time series$9KW:K 610 $aPartial Least Squares$9KW:K 610 $aQuadratic programming$9KW:K 610 $aQuantum Computing$9KW:K 610 $aQueueing Theory$9KW:K 610 $aReliability theory$9KW:K 610 $aRule-Based Algorithms$9KW:K 610 $aStochastic Programming$9KW:K 610 $aTensor Analysis$9KW:K 610 $aVLSI design$9KW:K 620 $aSG$dSingapore$3VANL000061 702 1$aAo$bSio-long$3VANV083478 702 1$aGelman$bLen$3VANV083481 702 1$aKim$bHaeng Kon$3VANV083476 712 $aSpringer $3VANV108073$4650 801 $aIT$bSOL$c20240614$gRICA 856 4 $uhttp://doi.org/10.1007/978-981-32-9531-5$zE-book ? Accesso al full-text attraverso riconoscimento IP di Ateneo, proxy e/o Shibboleth 899 $aBIBLIOTECA DEL DIPARTIMENTO DI MATEMATICA E FISICA$1IT-CE0120$2VAN08 912 $fN 912 $aVAN0127389 950 $aBIBLIOTECA DEL DIPARTIMENTO DI MATEMATICA E FISICA$d08CONS e-book 1874 $e08eMF1874 20200309 996 $aTransactions on Engineering Technologies$91412945 997 $aUNICAMPANIA LEADER 01921oas 2200637 a 450 001 9910702930003321 005 20250610213023.0 011 $a2155-8981 035 $a(OCoLC)497178709 035 $a(CONSER) 2010230605 035 $a(CKB)2320000000016698 035 $a(EXLCZ)992320000000016698 100 $a20100112b20052006 ua a 101 0 $aeng 135 $aur||||||||||| 181 $ctxt$2rdacontent 182 $cc$2rdamedia 183 $acr$2rdacarrier 200 00$aFlorida agricultural prices report 210 $a[Maitland, FL] $cU.S. Dept. of Agriculture, National Agricultural Statistics Service, Florida Field Office 215 $a19 volumes $cdigital, PDF files 517 1 $aFlorida agricultural prices 517 1 $aPrices reports 606 $aAgricultural prices$zFlorida$vStatistics$vPeriodicals 606 $aFarm produce$zFlorida$vStatistics$vPeriodicals 606 $aAgricultural prices$2fast$3(OCoLC)fst00801206 606 $aFarm produce$2fast$3(OCoLC)fst00921161 607 $aFlorida$2fast$1https://id.oclc.org/worldcat/entity/E39QbtfRBghXPwB89fbdFYcHbM 608 $aPeriodicals.$2fast 608 $aStatistics.$2fast 608 $aStatistics.$2lcgft 608 $aPeriodicals.$2lcgft 615 0$aAgricultural prices 615 0$aFarm produce 615 7$aAgricultural prices. 615 7$aFarm produce. 676 $a338.13 712 02$aUnited States.$bNational Agricultural Statistics Service.$bFlorida Field Office. 801 0$bGPO 801 1$bGPO 801 2$bGPO 801 2$bDLC 801 2$bOCLCA 801 2$bOCLCQ 801 2$bOCLCO 801 2$bOCLCF 801 2$bOCLCQ 801 2$bGILDS 801 2$bOCLCO 801 2$bOCLCA 801 2$bOCLCQ 801 2$bOCLCL 906 $aJOURNAL 912 $a9910702930003321 996 $aFlorida agricultural prices report$93218578 997 $aUNINA LEADER 01706oam 2200457zu 450 001 9910164698603321 005 20210807002201.0 010 $a0-8031-4849-6 024 7 $a10.1520/STP787-EB 035 $a(CKB)3170000000045179 035 $a(SSID)ssj0001489562 035 $a(PQKBManifestationID)11771176 035 $a(PQKBTitleCode)TC0001489562 035 $a(PQKBWorkID)11453678 035 $a(PQKB)10132531 035 $a(NjHacI)993170000000045179 035 $a(EXLCZ)993170000000045179 100 $a20160829d1982 uy 101 0 $aeng 135 $aur||||||||||| 181 $ctxt 182 $cc 183 $acr 200 00$aComposite Materials: Testing and Design (6th Conference) 210 31$a[Place of publication not identified]$cAmerican Society for Testing & Materials$d1982 215 $a1 online resource (585 pages) $cillustrations 225 0 $aASTM STP 787 300 $aBibliographic Level Mode of Issuance: Monograph 311 $a0-8031-0695-5 320 $aIncludes bibliographical references and index. 330 $a"ASTM special technical publication 787. - "04-787000-33. - Includes bibliographical references and indexes. - Electronic reproduction; W. Conshohocken, Pa; ASTM International; 2011; Mode of access: World Wide Web; System requirements: Web browser; Access may be restricted to users at subscribing institutions. 517 $aComposite Materials 606 $aComposite materials 615 0$aComposite materials. 676 $a620.118 702 $aDaniel$b I.-M. 801 0$bPQKB 906 $aBOOK 912 $a9910164698603321 996 $aComposite Materials: Testing and Design (6th Conference)$92227114 997 $aUNINA